[Event "NOR-ch"]
[Site "?"]
[Date "1975.??.??"]
[Round "3"]
[White "Ogaard, Leif"]
[Black "Vinje Gulbrandsen, Arne"]
[Result "1-0"]
[WhiteElo "2460"]
[BlackElo "2335"]

1.c4 Nf6 2.Nc3 g6 3.e4 d6 4.d4 Bg7 5.Be2 O-O 6.Nf3 e5 7.O-O Nbd7 8.Re1 h6
9.Bf1 Re8 10.Rb1 a5 11.b3 c6 12.d5 c5 13.a3 Nh5 14.g3 Nb8 15.b4 axb4 16.axb4 b6
17.bxc5 bxc5 18.Nd2 Nf6 19.Qb3 Nfd7 20.Bb2 Na6 21.Nb5 Bf8 22.f4 Nc7 23.Nf3 Nxb5
24.cxb5 Rb8 25.fxe5 dxe5 26.d6 Bxd6 27.Bc4 Qe7 28.Rbd1 Bc7 29.Rf1 Rf8 30.Qe3 Kh7
31.Bc1 g5 32.Nh4 Nb6 33.Be2 c4 34.Nf5 Bxf5 35.Ba3 Nd5 36.Qf3 Bb6+ 37.Kh1 Bg4
38.Qxg4 Qxa3 39.exd5 Bd4 40.Qf5+ Kg8 41.Bxc4 Qd6 42.Bd3 Qg6 43.Qg4 h5 44.Qf3 g4
45.Qf5 Kg7 46.Rc1 e4 47.Qf4 Bb2 48.Rc6 exd3 49.Rxg6+ fxg6 50.Qc7+ Kh6 51.Rd1 Rbc8
52.Qe7 Rfe8 53.Qb4 Rc2 54.Qf4+ Kh7 55.Qf7+  1-0

[Event "Pula zt"]
[Site "Pula"]
[Date "1975.??.??"]
[Round "?"]
[White "Schmidt, Wlodzimierz"]
[Black "Knaak, Rainer"]
[Result "0-1"]
[WhiteElo "2465"]
[BlackElo "2510"]

1.Nf3 g6 2.c4 Bg7 3.d4 d6 4.Nc3 Nd7 5.e4 e5 6.Be2 Ngf6 7.O-O O-O 8.Re1 c6
9.Bf1 a5 10.Rb1 Re8 11.d5 Nc5 12.b3 Bd7 13.a3 cxd5 14.cxd5 b5 15.b4 axb4
16.Rxb4 Rb8 17.Bd2 Qa5 18.Qa1 Qa7 19.Be3 Rec8 20.Bxb5 Bxb5 21.Rxb5 Rxb5 22.Nxb5 Qa6
23.Bxc5 Rxc5 24.a4 Rc4 25.Qb1 Rxa4 26.Nc3 Rc4 27.Qd3 Qc8 28.Nd1 Bh6 29.h3 Qc5
30.g3 Qb4 31.Kg2 Nxe4 32.Ne3 Rc3 33.Nc2 Qb2 34.Qxe4 Rxc2 35.Rf1 Re2 36.Qh4 Be3
37.g4 e4 38.Ng5 Bxg5 39.Qxg5 e3 40.Qf4 Rxf2+ 41.Rxf2 Qxf2+ 42.Qxf2 exf2 43.Kxf2 Kg7
44.Kf3 Kf6 45.Kf4 h6 46.h4  0-1

[Event "Pula zt"]
[Site "Pula"]
[Date "1975.??.??"]
[Round "?"]
[White "Stull, Norbert"]
[Black "Hug, Werner"]
[Result "1/2-1/2"]
[WhiteElo "2260"]
[BlackElo "2420"]

1.d4 Nf6 2.c4 d6 3.Nf3 Nbd7 4.Nc3 e5 5.e4 g6 6.Be2 Bg7 7.O-O O-O 8.Re1 c6
9.Bf1 a5 10.Rb1 Re8 11.d5 Nc5 12.b3 Bd7 13.a3 cxd5 14.cxd5 b5 15.b4 axb4
16.Rxb4 Rb8 17.Bd2 Qa5 18.Nxb5 Bxb5 19.Rxb5 Qxa3 20.Qb1 Nfd7 21.Be3 Qa7 22.Nd2 Bf8
23.Qc2 Ra8 24.Reb1 Rec8 25.g3 Rcb8 26.Rxb8 Rxb8 27.Bh3 Rxb1+ 28.Qxb1 Qa4
29.f3 Qa3 30.Nc4 Qc3 31.Bf1 Nb3 32.Qd3 Qb4 33.Nd2 Nd4 34.Qc4 Qb2 35.Qc8  1/2-1/2

[Event "Pula zt"]
[Site "Pula"]
[Date "1975.??.??"]
[Round "?"]
[White "Knaak, Rainer"]
[Black "Hazai, Laszlo"]
[Result "0-1"]
[WhiteElo "2510"]
[BlackElo "2420"]

1.d4 d6 2.c4 e5 3.Nf3 Nd7 4.Nc3 Ngf6 5.e4 g6 6.Be2 Bg7 7.O-O O-O 8.Re1 c6
9.Bf1 a5 10.Rb1 Re8 11.d5 Nc5 12.b3 Bd7 13.dxc6 Bxc6 14.Qc2 Rc8 15.Ba3 Qb6
16.Rbd1 Rcd8 17.Qb1 Bh6 18.h3 Rf8 19.Nd2 Rc8 20.Bc1 Kg7 21.Nd5 Nxd5 22.cxd5 Bxd2
23.Bxd2 Bd7 24.Qb2 f5 25.exf5 gxf5 26.Kh2 f4 27.Bc3 Qd8 28.Qd2 b6 29.g3 Kg8
30.Bb2 Qf6 31.Qe2 fxg3+ 32.fxg3 Qf2+ 33.Bg2 Nxb3 34.Bxe5 Rc2 35.Qf1 Nd2 36.Qxf2 Rxf2
37.Kg1 Nc4  0-1

[Event "Quito"]
[Site "Quito"]
[Date "1975.??.??"]
[Round "11"]
[White "Verduga, Denis Homero"]
[Black "De Greiff, Boris"]
[Result "1/2-1/2"]
[WhiteElo "2250"]
[BlackElo "2345"]

1.c4 g6 2.Nc3 Bg7 3.d4 Nf6 4.e4 d6 5.Be2 O-O 6.Nf3 e5 7.d5 a5 8.Bg5 h6 9.Bh4 Na6
10.Nd2 Nc5 11.g4 Qd7 12.Rg1 Nh7 13.b3 Ng5 14.Bxg5 hxg5  1/2-1/2

[Event "URS-chT"]
[Site "Riga"]
[Date "1975.??.??"]
[Round "?"]
[White "Zhemajitis, G."]
[Black "Dydyshko, Viacheslav"]
[Result "1/2-1/2"]
[WhiteElo "2200"]
[BlackElo "2395"]

1.d4 Nf6 2.c4 g6 3.Nc3 Bg7 4.e4 d6 5.Be2 O-O 6.Nf3 e5 7.d5 a5 8.O-O Na6 9.Qc2 Nc5
10.Ne1 Ng4 11.h3 Nh6 12.Nd3 b6 13.f4 exf4 14.Bxf4 f5 15.Nxc5 bxc5 16.Kh1 g5
17.Bh2 f4 18.Nd1 Bd7 19.Nf2 Qe8 20.Rab1 Qg6 21.Qd1 Bd4 22.Bh5 Qg7 23.Nd3 Kh8
24.Qe2 Nf7 25.Bg1 Rae8 26.Rbe1 Be5 27.Qd2 a4 28.Rb1 Re7 29.b4 axb3 30.axb3 Bd4
31.Bf3 Bxg1 32.Kxg1 Qd4+ 33.Rf2 Ra8 34.Qb2 Qxb2 35.Rfxb2 Ra3 36.Rd1 Kg7 37.b4 cxb4
38.Rxb4 Rc3 39.Kf1 Kf6 40.Ke1 Ne5 41.Nxe5 Kxe5 42.Kd2 Ra3 43.Ke2 Be8 44.h4  1/2-1/2

[Event "URS-chT"]
[Site "Riga"]
[Date "1975.??.??"]
[Round "?"]
[White "Kozlovskaya, Valentina"]
[Black "Golovey, Tamara O"]
[Result "1-0"]
[WhiteElo "2315"]
[BlackElo "2000"]

1.d4 Nf6 2.c4 g6 3.Nc3 Bg7 4.e4 d6 5.Nf3 O-O 6.Be2 Nbd7 7.O-O e5 8.d5 Nc5
9.Qc2 a5 10.Ne1 Ne8 11.Be3 f5 12.f3 Nf6 13.a3 Nh5 14.Rb1 b6 15.b4 axb4 16.axb4 Nd7
17.Nd3 f4 18.Bf2 Bf6 19.c5 Bh4 20.cxd6 cxd6 21.Bxh4 Qxh4 22.Ra1 Ba6 23.Nf2 Bxe2
24.Nxe2 Rac8 25.Qd3 Qd8 26.Rfc1 Nhf6 27.Nc3 Qc7 28.Qb5 Qc4 29.Qxc4 Rxc4 30.Nb5 Rfc8
31.Rxc4 Rxc4 32.Nd3 Rc2 33.Nxd6 Rd2 34.Ra3 Rd1+ 35.Kf2 Rd2+ 36.Kf1 Rc2 37.Ra8+ Kg7
38.Rd8 Rd2 39.Nf2 Rb2 40.Ne8+ Kf7 41.Nxf6 Nxf6 42.Nd3 Rb1+ 43.Ke2 Ke7 44.Rc8 Nd7
45.Rc6 Rb3 46.h4 Rb1 47.Re6+ Kd8 48.h5 gxh5 49.Nxe5 Nxe5 50.Rxe5 Rxb4 51.Rxh5 Rb2+
52.Kd3 Rxg2 53.e5 Rg7 54.Ke4  1-0

[Event "URS-chT"]
[Site "Riga"]
[Date "1975.??.??"]
[Round "?"]
[White "Alburt, Lev O"]
[Black "Chikovani, Iuri"]
[Result "1-0"]
[WhiteElo "2420"]
[BlackElo "2200"]

1.Nf3 g6 2.d4 Bg7 3.c4 d6 4.Nc3 Nf6 5.e4 O-O 6.Be2 Nbd7 7.O-O e5 8.Re1 Re8
9.Bf1 c6 10.Rb1 a5 11.a3 exd4 12.Nxd4 Nc5 13.f3 a4 14.Bg5 h6 15.Bh4 Qc7 16.Bf2 Nfd7
17.Qd2 Kh7 18.Red1 b6 19.Nde2 Bf8 20.Qc2 Bg7 21.Kh1 Be5 22.Nc1 Qa7 23.Be3 Nf8
24.Qd2 Qe7 25.g3 g5 26.Nd3 Ng6 27.Be2 Nb3 28.Qc2 Bd4 29.Nxa4 Bxe3 30.Qxb3 Be6
31.Nb4 Bf2 32.Rf1 b5 33.Rxf2 bxa4 34.Qd3 c5 35.Nd5 Bxd5 36.Qxd5 Ra6 37.Bd3 Kg7
38.f4 f6 39.Rbf1 Rf8 40.h4 Qd7 41.Qf5 Ra7 42.Qxd7+ Rxd7 43.h5 Ne7 44.fxg5 Ng8
45.Bc2 Ra7 46.gxh6+ Kxh6 47.Rd2 Rd8 48.Rf5 Rb8 49.Bd1 Rb6 50.Kg2 Kg7 51.Rdf2 Rba6
52.g4 Re7 53.g5 fxg5 54.Rxg5+ Kh8 55.Rf8 Rg7 56.Rg4 Rxg4+ 57.Bxg4 Kg7 58.Rb8 Nf6
59.Rb7+ Kh6 60.Kf3 Ra8 61.Rf7 Nxh5 62.Rf5 Ng7 63.Rf6+ Kg5 64.Rxd6 Rb8 65.Rd5+ Kf6
66.Rd2 Ke5 67.Bd7 Rb3+ 68.Ke2 Ne6 69.Bxa4 Rh3 70.Rd5+ Kf4 71.Kd2 Rg3 72.e5 Ng5
73.Kc1 Rg1+ 74.Kc2 Ne6 75.Kb3 Nd4+ 76.Ka2 Ne2 77.e6 Nc1+ 78.Kb1 Nb3+ 79.Kc2 Na1+
80.Kd2 Rg2+ 81.Kc3  1-0

[Event "URS-chT"]
[Site "Riga"]
[Date "1975.??.??"]
[Round "?"]
[White "Litinskaya, Marta I"]
[Black "Kozlovskaya, Valentina"]
[Result "1-0"]
[WhiteElo "2290"]
[BlackElo "2315"]

1.d4 Nf6 2.c4 g6 3.Nc3 Bg7 4.e4 d6 5.Be2 O-O 6.Nf3 Nbd7 7.O-O e5 8.Qc2 a5
9.Rd1 exd4 10.Nxd4 Re8 11.f3 c6 12.Bf1 Qc7 13.Qf2 Nc5 14.Be3 b6 15.Rd2 Ba6
16.Rad1 Rad8 17.Nb3 Nfd7 18.Bg5 f6 19.Be3 Ne5 20.Nxc5 dxc5 21.b3 Nf7 22.Rxd8 Rxd8
23.Rxd8+ Nxd8 24.Qg3 Ne6 25.Qxc7 Nxc7 26.Na4 Na8 27.f4 Kf7 28.Kf2 Bf8 29.Be2 Bc8
30.g3 Bd6 31.Bd2 Bd7 32.Ke3 b5 33.Nb2 Bc7 34.Bf3 Bb6 35.g4 Nc7 36.f5 Ne8
37.Kd3 Bc7 38.h3 Be5 39.Kc2 Nd6 40.Bxa5 bxc4 41.Nxc4 Nxc4 42.bxc4 g5 43.Bb6 Bd6
44.a4 Bc8 45.e5 fxe5 46.Bxc6 Ba6 47.Kd3 Ke7 48.a5 h6 49.Bb5 Bb7 50.a6 Ba8
51.a7 Bg2 52.Ke3 Ba8 53.Ba4 e4 54.Ke2 Bb7 55.Bb5 Ba8 56.Kf2 Be5 57.Bxc5+ Kd8
58.Ke2 Bb7 59.Ba6 Kc7 60.Be7  1-0

[Event "Rimavska Sobota"]
[Site "Rimavska Sobota"]
[Date "1975.??.??"]
[Round "3"]
[White "Adamski, Jan"]
[Black "Tepper, M."]
[Result "1-0"]
[WhiteElo "2415"]
[BlackElo "2200"]

1.c4 Nf6 2.Nf3 g6 3.Nc3 Bg7 4.e4 d6 5.d4 O-O 6.Be2 e5 7.Be3 Nbd7 8.O-O c6
9.Qc2 Qe7 10.Rad1 Re8 11.d5 Ng4 12.Bg5 f6 13.dxc6 bxc6 14.Bc1 Nh6 15.b4 Nf7
16.b5 Bb7 17.bxc6 Bxc6 18.Nd5 Bxd5 19.Rxd5 Rec8 20.Ba3 Nc5 21.Nd2 Ne6 22.Nb3 Nf4
23.Ra5 Rc7 24.c5 Nxe2+ 25.Qxe2 dxc5 26.Nxc5 Rc6 27.Na6 Qb7 28.Nb4 Rb6 29.Nd5 Rb1
30.Rc5 Ng5 31.Rc7 Qb5 32.Qxb5 Rxb5 33.Rfc1 Ne6 34.R7c6 Nd4 35.Rc8+ Rxc8 36.Rxc8+ Kf7
37.Rc7+ Kg8 38.Ne7+ Kf7 39.Nf5+ Kg8 40.Rc8+ Kf7 41.Nd6+  1-0

[Event "Rimavska Sobota"]
[Site "Rimavska Sobota"]
[Date "1975.??.??"]
[Round "8"]
[White "Farago, Ivan"]
[Black "Hausner, Ivan"]
[Result "1-0"]
[WhiteElo "2460"]
[BlackElo "2300"]

1.d4 Nf6 2.c4 d6 3.Nc3 Nbd7 4.e4 e5 5.Nf3 g6 6.Be2 Bg7 7.O-O O-O 8.Re1 c6
9.Bf1 Re8 10.d5 c5 11.g3 Rf8 12.a3 Ne8 13.Bg5 f6 14.Bd2 Nc7 15.Nh4 f5 16.exf5 gxf5
17.f4 exf4 18.Bxf4 Ne5 19.Kh1 Bd7 20.Nf3 Nxf3 21.Qxf3 Qf6 22.Qd3 Rae8 23.Be2 Rf7
24.Rf1 Rfe7 25.Bh5 Rf8 26.Rf2 Bh6 27.Raf1 Bxf4 28.Rxf4 Ne8 29.Bxe8 Rfxe8
30.g4 Re1 31.gxf5 R8e3 32.Qd2 Qe5 33.Qg2+ Qg7 34.Qxg7+ Kxg7 35.f6+ Kf8 36.Rxe1 Rxe1+
37.Kg2 Be8 38.Ne4 Re2+ 39.Kg3 Rxb2 40.f7 Rb3+ 41.Kh4 Bxf7 42.Nxd6 Ke7 43.Nxf7 Rxa3
44.Ng5 Ra4 45.Rf7+ Kd6 46.Ne4+ Ke5 47.Re7+ Kf5 48.Nd6+ Kf6 49.Rxb7 Ke5 50.Nf7+ Kf6
51.d6 Rxc4+ 52.Kg3  1-0

[Event "Stary Smokovec"]
[Site "Stary Smokovec"]
[Date "1975.??.??"]
[Round "2"]
[White "Liebert, Heinz"]
[Black "Rakay, Kvetoslav"]
[Result "1-0"]
[WhiteElo "2450"]
[BlackElo "2200"]

1.c4 Nf6 2.Nf3 g6 3.Nc3 Bg7 4.e4 d6 5.d4 O-O 6.Be2 e5 7.dxe5 dxe5 8.Qxd8 Rxd8
9.Bg5 Re8 10.O-O-O c6 11.Nxe5 Nxe4 12.Nxe4 Bxe5 13.Nd6 Bxd6 14.Rxd6 Na6 15.Be3 Bf5
16.Bd3 Bxd3 17.Rxd3 b5 18.cxb5 cxb5 19.Rd7 Rec8+ 20.Kb1 Rc7 21.Rhd1 Rac8
22.Bxa7 Rxd7 23.Rxd7 Rc7 24.Rd8+ Kg7 25.Bd4+ Kh6 26.Be3+ Kg7 27.Rd6  1-0

[Event "Stary Smokovec"]
[Site "Stary Smokovec"]
[Date "1975.??.??"]
[Round "3"]
[White "Petran, Peter"]
[Black "Knezevic, Milorad"]
[Result "1/2-1/2"]
[WhiteElo "2370"]
[BlackElo "2425"]

1.d4 Nf6 2.c4 d6 3.Nc3 Nbd7 4.e4 e5 5.Nf3 g6 6.Be2 Bg7 7.O-O O-O 8.d5 Nc5
9.Qc2 a5 10.Ne1 Bd7 11.Be3 c6 12.dxc6 Bxc6 13.Bxc5 dxc5 14.Rd1 Qb6 15.Nd5 Bxd5
16.cxd5 Ne8 17.Nd3 Rc8 18.b3 a4  1/2-1/2

[Event "Stary Smokovec"]
[Site "Stary Smokovec"]
[Date "1975.??.??"]
[Round "9"]
[White "Szilagyi, Gyorgy"]
[Black "Knezevic, Milorad"]
[Result "1/2-1/2"]
[WhiteElo "2370"]
[BlackElo "2425"]

1.c4 Nf6 2.Nc3 g6 3.e4 d6 4.d4 Bg7 5.Be2 O-O 6.Nf3 e5 7.Be3 Ng4 8.Bg5 f6
9.Bh4 Nc6 10.d5 Ne7 11.Nd2 Nh6 12.g4 Nf7 13.Qc2 c5 14.f3 Bd7 15.Bd3 Nc8 16.Bf2 Bh6
17.h4 Bf4 18.Nf1 a6 19.a4 Qa5 20.Ra3  1/2-1/2

[Event "SWE-ch"]
[Site "?"]
[Date "1975.??.??"]
[Round "?"]
[White "Niklasson, Christer"]
[Black "Uddenfeldt, Dan"]
[Result "1/2-1/2"]
[WhiteElo "2425"]
[BlackElo "2280"]

1.d4 Nf6 2.c4 g6 3.Nc3 Bg7 4.e4 d6 5.Be2 O-O 6.Nf3 e5 7.O-O Nbd7 8.Re1 c6
9.Bf1 h6 10.d5 c5 11.g3 Ne8 12.Nh4 Kh7 13.Bd3 Ndf6 14.Rb1 Ng8 15.Kh1 Ne7
16.f4 exf4 17.gxf4 a6 18.Nf3 Bg4 19.Ng5+ hxg5 20.Qxg4 gxf4 21.Bxf4 Rh8 22.e5 dxe5
23.Bxe5 Ng8 24.Rf1 Nh6 25.Qg3 Kg8 26.Rbe1 f6 27.Bf4 g5 28.Bd2 Nf7 29.Bg6 Ned6
30.Bxf7+ Nxf7 31.Ne4 b6 32.Bc3 Rh6 33.Rf5 b5 34.b3 bxc4 35.bxc4 Qb8 36.Qxb8+ Rxb8
37.Nxf6+ Bxf6 38.Bxf6 Rb4 39.Bc3 Rb8 40.Ref1 Rb7 41.Re1 Rh4 42.Re8+ Kh7 43.Rf8 Rf4
44.Rxg5 Rb1+ 45.Kg2 Rbf1 46.Rg7+ Kh6 47.h3 R4f2+ 48.Kg3 Rf3+ 49.Kh4 Rxc3
50.Rgxf7 Rxc4+ 51.Kg3 Rg1+ 52.Kf3 Rd4 53.Rf6+ Kg7 54.R6f7+ Kg6 55.Rf6+ Kg7
56.R8f7+ Kg8 57.Rf5 Ra1 58.Rf8+  1/2-1/2

[Event "Hoogovens-B"]
[Site "Wijk aan Zee"]
[Date "1975.??.??"]
[Round "1"]
[White "Portisch, Ferenc"]
[Black "Sznapik, Aleksander"]
[Result "1/2-1/2"]
[WhiteElo "2420"]
[BlackElo "2330"]

1.d4 g6 2.c4 Bg7 3.Nc3 d6 4.e4 Nf6 5.Be2 O-O 6.Nf3 e5 7.dxe5 dxe5 8.Qxd8 Rxd8
9.Nd5 Nxd5 10.cxd5 c6 11.Bc4 Nd7 12.dxc6 bxc6 13.Ng5 Rf8 14.b3 h6 15.Nf3 Re8
16.Ba3 a5 17.O-O a4 18.Bd6 Nb6 19.Be2 Be6  1/2-1/2

[Event "Hoogovens-B"]
[Site "Wijk aan Zee"]
[Date "1975.??.??"]
[Round "2"]
[White "Bukic, Enver"]
[Black "Ligterink, Gert"]
[Result "1/2-1/2"]
[WhiteElo "2455"]
[BlackElo "2365"]

1.Nf3 g6 2.d4 Nf6 3.c4 Bg7 4.Nc3 O-O 5.e4 d6 6.Be2 e5 7.Be3 c6 8.O-O exd4
9.Bxd4 Re8 10.Qc2 Nbd7 11.Rfe1 Ne5 12.Rad1 Qe7 13.b4 Nfg4 14.Nxe5 Bxe5 15.Bxe5 dxe5
16.c5 Qh4 17.Bxg4 Bxg4 18.Rd6 Rad8 19.Qd2 Rxd6 20.cxd6 Rd8 21.h3 Bc8 22.Rd1 Kg7
23.Qe3 b6 24.b5 c5 25.Qd3 Be6 26.a4 Rd7 27.a5 Qd8 28.Na4 f6 29.Kh2 Ba2  1/2-1/2

[Event "Capablanca mem-B 13th"]
[Site "Cienfuegos"]
[Date "1976.05.19"]
[Round "3"]
[White "Rodriguez Cordoba, Jesus R"]
[Black "Ostos, Julio"]
[Result "1-0"]
[WhiteElo "2385"]
[BlackElo "2255"]

1.Nf3 Nf6 2.c4 g6 3.Nc3 Bg7 4.e4 d6 5.d4 O-O 6.Be2 e5 7.O-O Nbd7 8.d5 Nc5
9.Qc2 a5 10.Bg5 h6 11.Be3 Qe7 12.Nd2 Ng4 13.Bxg4 Bxg4 14.a3 Bd7 15.b4 axb4
16.axb4 Na6 17.Qb3 f5 18.f3 f4 19.Bf2 g5 20.c5 dxc5 21.b5 Nb4 22.Qc4 b6 23.d6+ Qe6
24.dxc7 Nc2 25.Rxa8 Rxa8 26.Qxe6+ Bxe6 27.Nd5 Nd4 28.Bxd4 exd4 29.Nxb6 Ra2
30.Ndc4 Rc2 31.Rd1 Kh7 32.Kf1 h5 33.Nd6 Be5 34.c8=Q Bxc8 35.Nbxc8 c4 36.b6 c3
37.b7 Bxd6 38.Nxd6 Rb2 39.Rxd4  1-0

[Event "Capablanca mem-A 13th"]
[Site "Cienfuegos"]
[Date "1976.05.24"]
[Round "8"]
[White "Kozma, Julius"]
[Black "Vogt, Lothar"]
[Result "1-0"]
[WhiteElo "2375"]
[BlackElo "2480"]

1.Nf3 g6 2.d4 Bg7 3.c4 d6 4.Nc3 Nd7 5.e4 e5 6.Be2 Ngf6 7.O-O O-O 8.Re1 c6
9.Rb1 a5 10.Bf1 Re8 11.d5 Nc5 12.b3 Bd7 13.a3 cxd5 14.cxd5 b5 15.b4 axb4
16.Rxb4 Rb8 17.Bd2 Qa5 18.Qa1 Qa7 19.Be3 Rec8 20.h3 Ra8 21.Nxb5 Bxb5 22.Bxb5 Qxa3
23.Qxa3 Rxa3 24.Nd2 Nd3 25.Bxd3 Rxd3 26.Reb1 Bf8 27.Rb8 Rdc3 28.Rxc8 Rxc8
29.Kf1 Nd7 30.Ke2 f5 31.f3 Rc7 32.Kd3 h5 33.Nc4 Nf6 34.Rb4 Kf7 35.Bb6 Rd7
36.Ra4 Ke7 37.Ba5 fxe4+ 38.fxe4 Kf7 39.Bb4 Be7 40.Ba3 Ne8 41.Ra6 Rb7 42.Bxd6 Bxd6
43.Rxd6 Rb3+ 44.Kc2 Rg3 45.Nxe5+ Kg7 46.Rd7+ Kf6 47.Nc6 Rxg2+ 48.Kd3 Rg3+
49.Kd4 Kg5 50.e5 Kh6 51.d6 Rg1 52.Kd5 Rd1+ 53.Nd4 Ra1 54.Re7 Ng7 55.Rxg7 Kxg7  1-0

[Event "Capablanca mem-B 13th"]
[Site "Cienfuegos"]
[Date "1976.05.29"]
[Round "13"]
[White "Hernandez, Jose de Jesus"]
[Black "Szmetan, Jorge"]
[Result "1/2-1/2"]
[WhiteElo "2300"]
[BlackElo "2450"]

1.d4 Nf6 2.c4 g6 3.Nc3 Bg7 4.e4 O-O 5.Nf3 d6 6.Be2 e5 7.dxe5 dxe5 8.Qxd8 Rxd8
9.Nd5 Nxd5 10.cxd5 c6 11.Bc4 cxd5 12.Bxd5  1/2-1/2

[Event "BCF-ch"]
[Site "Portsmouth"]
[Date "1976.08.10"]
[Round "3"]
[White "Haygarth, Michael J"]
[Black "Fuller, Maxwell L"]
[Result "1-0"]
[WhiteElo "2330"]
[BlackElo "2320"]

1.d4 Nf6 2.c4 d6 3.Nc3 e5 4.Nf3 Nbd7 5.e4 g6 6.Be2 Bg7 7.O-O O-O 8.Re1 exd4
9.Nxd4 Nc5 10.Bf3 a5 11.Bf4 Nfd7 12.Qd2 Ne5 13.Be2 c6 14.h3 f5 15.exf5 gxf5
16.Nf3 Be6 17.Rad1 Nxc4 18.Bxc4 Bxc4 19.Bxd6 Nd3 20.Be7 Qc7 21.Re3 Rfe8 22.Bg5 Rxe3
23.Bxe3 Kh8 24.b3 Ba6 25.Ne2 Nb2 26.Rb1 Rd8 27.Ned4 c5 28.Qxb2 cxd4 29.Bxd4 Bxd4
30.Nxd4 Qe5 31.Nxf5 Qxb2 32.Rxb2 Rd1+ 33.Kh2 Bd3 34.Ne3 Ra1 35.Rd2 Be4 36.f3 Bc6
37.Nf5 Kg8 38.Ne7+ Kf7 39.Nxc6 bxc6 40.Rc2  1-0

[Event "Agard"]
[Site "Agard"]
[Date "1976.??.??"]
[Round "9"]
[White "Petran, Pal"]
[Black "Bielczyk, Jacek"]
[Result "1/2-1/2"]
[WhiteElo "2415"]
[BlackElo "2375"]

1.d4 g6 2.c4 Bg7 3.Nc3 d6 4.e4 Nd7 5.Nf3 e5 6.Be2 Ngf6 7.O-O O-O 8.Re1 c6
9.Bf1 a5 10.Rb1 Re8 11.d5 Nc5 12.b3 Bd7 13.Bg5 h6 14.Bd2 Rf8 15.a3 cxd5 16.cxd5 b5
17.b4 axb4 18.axb4 Na4 19.Nxa4 Rxa4 20.Bd3 Ne8 21.Qe2 Nc7 22.Rec1 Kh7 23.Be3 Qb8
24.Bc2 Ra2 25.Nd2 Rc8 26.Bb3 Ra3 27.Ra1 Qa8 28.Qd1 Ne8 29.Bb6 Bf6 30.Ba5 Rxa1
31.Rxa1 Nc7 32.Nf3 Kg7 33.Rc1 Na6 34.h3 Bd8 35.Ra1 Qb7 36.Bc2 Bb6 37.Bd3 Nc7
38.Nd2 Rf8 39.Qe2 f5 40.Bxb6 Qxb6 41.Qe3 Qxe3 42.fxe3 Ra8 43.Ra5 Kf6 44.Kf2 Ke7
45.Ke2 Rb8  1/2-1/2

[Event "Agard"]
[Site "Agard"]
[Date "1976.??.??"]
[Round "9"]
[White "Horvath, Gyula"]
[Black "Hazai, Laszlo"]
[Result "0-1"]
[WhiteElo "2280"]
[BlackElo "2430"]

1.d4 d6 2.Nf3 g6 3.c4 Bg7 4.Nc3 Nf6 5.e4 O-O 6.Be2 e5 7.d5 Nbd7 8.Bg5 h6
9.Bh4 g5 10.Bg3 Nh5 11.Nd2 Nf4 12.O-O Nc5 13.f3 f5 14.exf5 Bxf5 15.Nde4 Nxe4
16.fxe4 Bg6 17.Bf2 h5 18.Be3 g4 19.g3 Nh3+ 20.Kg2 Rxf1 21.Bxf1 Ng5 22.Qc2 Qe7
23.Be2 Rf8 24.Rf1 Rxf1 25.Bxf1 a6 26.Be2 Qf6 27.b4 Nxe4 28.Nxe4 Qf5 29.Kg1 Qxe4
30.Qxe4 Bxe4 31.Bg5 Kf7 32.Bd8 c6 33.dxc6 Bxc6 34.Kf2 d5 35.b5 axb5 36.cxb5 Bd7
37.Bb6 Ke6 38.a4 d4 39.Bc4+ Kd6 40.Bf7 e4 41.Bxh5 Bf5 42.a5 e3+ 43.Ke1 Bd3
44.a6 bxa6 45.bxa6 Bxa6 46.Bxg4 Ke5 47.Bf3 Bh6 48.Bc7+ Ke6 49.h4 d3 50.g4 Bf8
51.Ba5 Bd6 52.h5 Bf4 53.Bc3 Bb5  0-1

[Event "Banja Luka"]
[Site "Banja Luka"]
[Date "1976.??.??"]
[Round "1"]
[White "Bukic, Enver"]
[Black "Vukic, Milan"]
[Result "1/2-1/2"]
[WhiteElo "2500"]
[BlackElo "2510"]

1.d4 Nf6 2.c4 g6 3.Nc3 Bg7 4.e4 d6 5.Nf3 O-O 6.Be2 e5 7.dxe5 dxe5 8.Qxd8 Rxd8
9.Bg5 Re8 10.Nd5 Nxd5 11.cxd5 c6 12.Bc4 cxd5 13.Bxd5 Nd7 14.Nd2 Nb6 15.Bb3 Bd7
16.O-O-O Bb5 17.Kb1 Rac8 18.Rc1 Bf8 19.Be3 Bb4 20.Rxc8 Rxc8 21.Nf3 Kg7 22.Nxe5 f6
23.a3 fxe5 24.axb4 Bd3+ 25.Ka2 Bxe4 26.f3  1/2-1/2

[Event "Banja Luka"]
[Site "Banja Luka"]
[Date "1976.??.??"]
[Round "5"]
[White "Hort, Vlastimil"]
[Black "Vukic, Milan"]
[Result "1/2-1/2"]
[WhiteElo "2600"]
[BlackElo "2510"]

1.d4 Nf6 2.c4 g6 3.Nc3 Bg7 4.e4 d6 5.Nf3 O-O 6.Be2 e5 7.Be3 Ng4 8.Bg5 f6
9.Bh4 g5 10.Bg3 Nh6 11.d5 Nd7 12.Nd2 f5 13.exf5 Nf6 14.Nde4 Nxe4 15.Nxe4 Bxf5
16.Bd3 g4 17.Qe2 Qe8 18.O-O-O Qg6 19.Kb1 b6 20.Rdg1 Kh8 21.Bc2 Ng8 22.Bh4 Bf6
23.Bg3 Bg7 24.f3 Nf6 25.Bh4 Nxe4 26.fxe4 Bd7 27.Rf1 Bf6  1/2-1/2

[Event "Banja Luka"]
[Site "Banja Luka"]
[Date "1976.??.??"]
[Round "6"]
[White "Lakic, Nikola"]
[Black "Planinec, Albin"]
[Result "1/2-1/2"]
[WhiteElo "2380"]
[BlackElo "2485"]

1.d4 Nf6 2.c4 g6 3.Nc3 Bg7 4.e4 d6 5.Nf3 O-O 6.Be2 e5 7.d5 a5 8.O-O Na6 9.Bg5 h6
10.Bh4 c6 11.Nd2 Bd7 12.Rb1 Qe8 13.a3 Rc8 14.b4 axb4 15.axb4 g5 16.dxc6 bxc6
17.Bg3 Nc7 18.Nb3 Qe7 19.f3 Rb8 20.Na5 Ne6 21.b5 cxb5 22.Nxb5 Bxb5 23.Rxb5 Nd4
24.Bf2 Qc7 25.Bxd4 exd4 26.Nb3 Rxb5 27.cxb5 d5 28.Nxd4 dxe4 29.Nc6 exf3 30.Bxf3 Qb6+
31.Kh1 Qxb5 32.Ne7+ Kh8 33.g4 h5 34.gxh5 g4 35.Bg2 Qxh5 36.Nf5 Qg5 37.Nxg7 Kxg7
38.Qd4 Rh8 39.Qf4 Qxf4 40.Rxf4 Kg6 41.Kg1 Kg5 42.Rf1 Rh7 43.Bc6 Rg7 44.Kh1 Nh5
45.Bd7 f6 46.Rf5+ Kh4 47.Be8 Rg5 48.Rxg5 Kxg5 49.Kg2 f5 50.Bd7 Nf4+ 51.Kg3 Nh3
52.Kg2 f4 53.Bc6 Kh4 54.Bb7 Ng5 55.Bc6 Nf7 56.Bd5 Ne5 57.Be4 Nc4 58.Bb7 Ne3+
59.Kg1 Kh3 60.Bc6 Nd1 61.Ba4 Nc3 62.Bc6 Ne2+ 63.Kf2 Nc1 64.Kg1 f3 65.Be4 Ne2+
66.Kf2 Nd4 67.Kg1 Kh4 68.Kf2 Kh3 69.Kg1 Ne6 70.Bd3 Nc5 71.Bf1+ Kh4 72.Kf2 Ne4+
73.Ke3 Ng5 74.Kf4 Ne6+ 75.Ke3 Ng5 76.Kf4 Nh3+ 77.Ke3 Ng1 78.Kf2 Ne2 79.h3  1/2-1/2

[Event "Tungsram"]
[Site "Budapest"]
[Date "1976.??.??"]
[Round "?"]
[White "Vogt, Lothar"]
[Black "Pinter, Jozsef"]
[Result "1-0"]
[WhiteElo "2480"]
[BlackElo "2420"]

1.Nf3 Nf6 2.c4 g6 3.Nc3 Bg7 4.e4 d6 5.d4 O-O 6.Be2 e5 7.dxe5 dxe5 8.Qxd8 Rxd8
9.Bg5 Na6 10.Nd5 Rd6 11.Nxf6+ Bxf6 12.Bxf6 Rxf6 13.Nxe5 Re6 14.f4 Nc5 15.O-O-O f6
16.Ng4 Nxe4 17.Bf3 Kg7 18.Rhe1 Nc5 19.Nf2 c6 20.b4 Rxe1 21.Rxe1 Ne6 22.Nd3 Kf7
23.Re4 Bd7 24.Kb2 a5 25.a3 axb4 26.axb4 b6 27.g3 Ra4 28.Bd1 Ra7 29.c5 bxc5
30.Bb3 f5 31.Re5 Kf6 32.Bxe6 Bxe6 33.Nxc5 Bf7 34.Kc3 h6 35.Re2 g5 36.Kd4 Rc7
37.h4 Ra7 38.hxg5+ hxg5 39.Re3 g4 40.Re1 Ra3 41.Nd7+ Kg6 42.Re3  1-0

[Event "HUN-ch"]
[Site "Budapest"]
[Date "1976.??.??"]
[Round "11"]
[White "Eperjesi, Laszlo"]
[Black "Hazai, Laszlo"]
[Result "1/2-1/2"]
[WhiteElo "2395"]
[BlackElo "2430"]

1.d4 d6 2.c4 e5 3.Nf3 Nd7 4.Nc3 Ngf6 5.e4 g6 6.Be2 Bg7 7.O-O O-O 8.Re1 c6
9.Bf1 a5 10.Rb1 Re8 11.d5 Nc5 12.Nd2 Bh6 13.b3 Bd7 14.Ba3 Qb6 15.h3 Qa7 16.Rb2 Reb8
17.b4 axb4 18.Bxb4 Ne8 19.Qb1  1/2-1/2

[Event "HUN-ch"]
[Site "Budapest"]
[Date "1976.??.??"]
[Round "15"]
[White "Farago, Ivan"]
[Black "Hazai, Laszlo"]
[Result "1-0"]
[WhiteElo "2420"]
[BlackElo "2430"]

1.d4 d6 2.c4 e5 3.Nf3 Nd7 4.Nc3 g6 5.e4 Ngf6 6.Be2 Bg7 7.O-O O-O 8.Re1 c6
9.Bf1 a5 10.Rb1 Re8 11.d5 Nc5 12.b3 Bd7 13.dxc6 bxc6 14.Qxd6 Nfxe4 15.Rxe4 Nxe4
16.Nxe4 Bf5 17.Nfd2 Re7 18.Qc5 Rd7 19.Qe3 Qe7 20.Bb2 Rad8 21.Re1 Qb4 22.Bc3 Qa3
23.Nc5 Re7 24.Nde4 Bc8 25.Qc1 Qxc1 26.Rxc1 Ra7 27.Na4 f5 28.Nec5 e4 29.Bxg7 Kxg7
30.Nb6 Kf6 31.Nxc8 Rxc8 32.Rd1 Ke7 33.g4 Rd8 34.Rxd8 Kxd8 35.gxf5 gxf5 36.Bh3 Rf7
37.Ne6+ Ke7 38.Nd4 Kd6 39.Nxf5+ Kc5 40.Kf1 Kb4 41.Ke2 Ka3 42.c5 Kxa2 43.Nd4 Rf6
44.Bd7 Ka3 45.Nxc6  1-0

[Event "DDR-ch (Women)"]
[Site "Groeditz"]
[Date "1976.??.??"]
[Round "12"]
[White "Janssen, Lieselotte"]
[Black "Winter, Irene"]
[Result "1-0"]
[WhiteElo "1875"]
[BlackElo "1985"]

1.d4 Nf6 2.c4 g6 3.Nc3 Bg7 4.e4 d6 5.Nf3 O-O 6.Be2 e5 7.d5 Nbd7 8.O-O Nc5
9.Nd2 a5 10.f3 Nh5 11.Nb3 b6 12.Nxc5 bxc5 13.Be3 f5 14.exf5 gxf5 15.f4 Nxf4
16.Bxf4 exf4 17.Rxf4 Be5 18.Rf3 f4 19.h3 Rf6 20.Bd3 Rh6 21.Qc2 Bg4 22.Be4 Qh4
23.Rd1 Bxf3 24.Bxf3 Kh8 25.Ne4 Rg8 26.Kf1 Qe7 27.Re1 Qg7 28.b3 Bd4 29.Nf2 Bxf2
30.Qxf2 Qc3 31.Re7 Qd3+ 32.Qe2 Qb1+ 33.Qe1 Qxa2 34.Qc3+  1-0

[Event "Haifa ol (Men)"]
[Site "Haifa"]
[Date "1976.??.??"]
[Round "?"]
[White "Toth, Bela"]
[Black "Sharif, Mershad"]
[Result "0-1"]
[WhiteElo "2405"]
[BlackElo "2355"]

1.d4 Nf6 2.c4 g6 3.Nc3 Bg7 4.e4 d6 5.Nf3 O-O 6.Be2 e5 7.d5 a5 8.Bg5 Na6 9.Nd2 h6
10.Be3 h5 11.f3 Nh7 12.O-O f5 13.a3 f4 14.Bf2 g5 15.Rb1 Rf6 16.Re1 Rg6 17.b4 g4
18.Nf1 axb4 19.axb4 Bf6 20.Qc2 Bh4 21.Nd1 Kh8 22.c5 Bxf2+ 23.Nxf2 g3 24.hxg3 fxg3
25.Nd3 Qh4 26.Ra1 Bh3 27.f4 exf4 28.Qc3+ Kg8 29.Ra5 Rg7 30.gxh3 Ng5 31.Bg4 Rf8
32.Ra2 f3 33.Re3 Nxh3+ 34.Bxh3 Qxh3 35.Qxg7+ Kxg7  0-1